Bramkarze Zagłębia Lubin w XXI wieku - Statystyki

Ogólne statystyki
  • Ten quiz został rozwiązany 19 razy
  • Średni wynik to 6 z 25
Statystyki odpowiedzi
Lata gry Narodowość Nazwisko % Poprawnych
2013-2022 2024- Polska Dominik Hładun
94%
2022- Bośnia i Hercegowina Jasmin Burić
94%
2023-2024 Grecja Sokratis Dioudis
67%
2010-2021 Polska Konrad Forenc
56%
2021-2024 Polska Szymon Weirauch
56%
2019-2023 Polska Kacper Bieszczad
50%
2015-2018 Słowacja Martin Poláček
50%
2012-2013 Polska Michał Gliwa
28%
2001 Polska Adam Matysek
22%
2013-2014 Polska Tomasz Ptak
22%
2007-2012 Polska Aleksander Ptak
17%
2012-2013 Polska Marek Kozioł
11%
2018-2019 Polska Piotr Leciejewski
11%
2017 Polska Zbigniew Małkowski
11%
2003 Polska Andrzej Krzyształowicz
6%
2005-2006 Polska Mariusz Liberda
6%
2006-2007 Czechy Michal Václavík
6%
2010-2011 Serbia Bojan Isailović
0%
2004-2005 Chorwacja Danijel Mađarić
0%
2004-2006 Polska Jakub Szmatuła
0%
2002-2003 Polska Jarosław Krupski
0%
1991-2002 Polska Jędrzej Kędziora
0%
2008 Polska Radosław Janukiewicz
0%
1998-2002 Polska Robert Mioduszewski
0%
2009 Ukraina Yevgen Kopyl
0%
Nie znaleziono quizów pasujących do podanych kryteriów
Rozkład punktacji
Procent ludzi z każdym wynikiem
Percentyl według liczby udzielonych odpowiedzi
Twoja historia wyników
Nie rozwiązałeś tego quizu